Veterinary dentistry : a team approach (Record no. 85852)

MARC details
000 -LEADER
fixed length control field 00885 a2200277 4500
003 - CONTROL NUMBER IDENTIFIER
control field CBULib
005 - DATE AND TIME OF LATEST TRANSACTION
control field 20241211142625.0
008 - FIXED-LENGTH DATA ELEMENTS--GENERAL INFORMATION
fixed length control field 241211b |||||||| |||| 00| 0 eng d
020 ## - INTERNATIONAL STANDARD BOOK NUMBER
International Standard Book Number 9780323485272
040 ## - CATALOGING SOURCE
Language of cataloging English
Transcribing agency CBULib
Description conventions rda
050 ## - LIBRARY OF CONGRESS CALL NUMBER
Classification number SF 867 Hol
100 ## - MAIN ENTRY--PERSONAL NAME
Personal name Holmstrom, Steven E.
245 ## - TITLE STATEMENT
Title Veterinary dentistry : a team approach
Statement of responsibility, etc / by Steven E. Holmstrom
250 ## - EDITION STATEMENT
Edition statement Third edition.
260 ## - PUBLICATION, DISTRIBUTION, ETC. (IMPRINT)
Name of publisher, distributor, etc Elsevier,
Date of publication, distribution, etc 2019
Place of publication, distribution, etc St. Louis :
300 ## - PHYSICAL DESCRIPTION
Extent xiii, 428 pages : illustrations (chiefly color)
336 ## - CONTENT TYPE
Source rdacontent
Content type term Text |
Content type code txt
337 ## - MEDIA TYPE
Source rdamedia
Media type term Unmediated |
Media type code n
338 ## - CARRIER TYPE
Source rdacarrier
Carrier type term Volume
Carrier type code nc
500 ## - GENERAL NOTE
General note Includes a glossary, an index and an appendix
650 #0 - SUBJECT ADDED ENTRY--TOPICAL TERM
9 (RLIN) 4168
Topical term or geographic name as entry element DENTAL CARE VETERINARY
650 #0 - SUBJECT ADDED ENTRY--TOPICAL TERM
9 (RLIN) 4169
Topical term or geographic name as entry element DENTISTRY VETERINARY
650 #0 - SUBJECT ADDED ENTRY--TOPICAL TERM
9 (RLIN) 4170
Topical term or geographic name as entry element HEALTH CARE TEAMS
650 #0 - SUBJECT ADDED ENTRY--TOPICAL TERM
9 (RLIN) 4171
Topical term or geographic name as entry element PATIENT CARE TEAM
942 ## - ADDED ENTRY ELEMENTS (KOHA)
Source of classification or shelving scheme
Koha item type MONOGRAPH
Holdings
Withdrawn status Lost status Source of classification or shelving scheme Damaged status Not for loan Collection code Permanent Location Current Location Shelving location Date acquired Source of acquisition Cost, normal purchase price Full call number Barcode Date last seen Price effective from Koha item type Total Checkouts
          CBU-Lusaka Campus CBU- LUSAKA CAMPUS CBU-MAIN LIBRARY, KITWE. General Stacks 12/11/2024 BOOK AID INTERNATIONAL 81.99 SF 867 Hol 753207 12/11/2024 12/11/2024 MONOGRAPH  
          CBU-Lusaka Campus CBU- LUSAKA CAMPUS CBU-MAIN LIBRARY, KITWE. General Stacks 12/11/2024 BOOK AID INTERNATIONAL 81.99 SF 867 Hol 753206 12/11/2024 12/11/2024 MONOGRAPH  
          Main Library Open Access Collection CBU-MAIN LIBRARY, KITWE. CBU-MAIN LIBRARY, KITWE. General Stacks 02/18/2025 BOOK AID INTERNATIONAL 81.99 SF 867 Hol 753453 02/18/2025 02/18/2025 MONOGRAPH  
          Main Library Open Access Collection CBU-MAIN LIBRARY, KITWE. CBU-MAIN LIBRARY, KITWE. General Stacks 02/18/2025 BOOK AID INTERNATIONAL 81.99 SF 867 Hol 753454 02/18/2025 02/18/2025 MONOGRAPH